000 02513nam a22003377a 4500
001 PPSZ 0155
003 gtcocun
005 20251022173208.0
006 a||||gr|||| 00| 0
007 ta
008 251022b2021 gt ||||| m||| 00| 0 eng d
040 _agtcocun
_bSPA
_cgtcocun
_eRDA
041 _aSPA PPSZ 0155
084 _0PPSZ 0155
100 _aChén Cú, Mariela Eugenia
_eAutor
245 _aINFORME FINAL DE LA PRÁCTICA PROFESIONAL SUPERVISADA, REALIZADA EN LA GRANJA SAN MARCOS DE SAN JUAN CHAMELCO, ALTA VERAPAZ EN EL AÑO 2019/
_cMariela Eugenia Chén Cú.
_hImpreso
264 _aCobán, Alta Verapaz:
_bUniversidad de San Carlos de Guatemala, Centro Universitario del Norte, Carrera de Técnico en Producción Pecuaria
_c2021
300 _a56 p.:
_bIlustraciones, gráficas.
_c28 cm;
300 _cPDF
336 _2rdacontenido
_aTexto
_btxt
337 _2rdamedio
_aComputadora
_bn
338 _2rdasoporte
_aCódigo en línea
_bcr
502 _ePPSZ 0155
502 _aPráctica Profesional Supervisada
_bCarrera de Técnico en Producción Pecuaria,
_cUniversidad de San Carlos de Guatemala, Centro Universitario del Norte, Carrera de Técnico en Producción Pecuaria
_d2021
_oPPSZ 0155
520 1 4 _aLa ejecución de la Práctica Profesional Supervisada (PPS) permite emplear conocimientos que se adquirieron en el proceso de formación para ser aplicados en la práctica para el aprendizaje significativo. La aplicación de conocimientos en el proceso de manejo de las especies permite proporcionar asistencia técnica ante situaciones en la unidad productiva obteniéndolas por medio de un diagnóstico con la finalidad de conocer el trabajo rutinario de la granja. Se lograron mejorar aspectos importantes de la unidad productiva, así como también se realizó una actividad de extensión y servicio con estudiantes de la Escuela Oficial Mixta San Marcos, Comunidad San Marcos de San Juan Chamelco capacitando sobre elaboración de embutidos teniendo un resultado satisfactorio durante el proceso de aprendizaje.
650 1 4 _2LEMB
_aSan Juan Chamelco, Alta Verapaz
_xZootecnia
_xProducción pecuaria
_xManejo animal
_xAsistencia técnica
_xExtensión y servicio
_xProcesamiento de productos cárnicos
700 _aLic. Fredy Geovani Macz Choc
_eAsesor
856 _uhttps://drive.google.com/file/d/1O0DvlZDGo9EO5CM891fqXx1DZOP0p1hc/view
_yPDF
_zUn ejemplar en línea.
942 _2ddc
_cTES
_iPPSZ 0155
_kClasificación
_n0
_6PPSZ_0155_000000000000000
999 _c2396
_d2396